Memoria

محفوظ في:
التفاصيل البيبلوغرافية
التنسيق: نص
منشور في: Montevideo: ISTR
الوسوم: إضافة وسم
لا توجد وسوم, كن أول من يضع وسما على هذه التسجيلة!

MARC

LEADER 00000 a a2200000 04500
001 28859
003
040
090 |a 190000  |b RECURSO ELECTRONICO  
245 |a Memoria  
260 |a Montevideo:   |b ISTR  
999 |c 2410  |d 2410